000 00373 a2200169 4500
001 190736
020 _a85-322-4882-9
040 _cMagnum
100 _aVaz, Fernando
240 1 0 _aMohamed: um menino afegão
_lpor
245 1 0 _aMohamed: um menino afegão
300 _a112
362 0 _a2002
440 1 _aFTD
697 _aLITERATURA INFANTO-JUVENIL
942 _cBK
999 _c190736
_d190736